Nombre par pays - Quiz textuel - Statistiques

Statistiques générales
  • Ce quiz a été pris 51 fois
  • Le résultat moyen est 9 sur 15
Statistiques - réponses
Question Réponse % Correct
Quel pays a 3 capitales ? Afrique du sud
89%
Quel pays compte plus de 1000 fjords ? Norvège
87%
Quel pays a remporté 1115 batailles ? France
85%
Quel pays d'Asie est divisé en quatre îles principales ? Japon
85%
Quel pays contient 50 étoiles et 13 bandes rouges et blanches dans son drapeau États-Unis
83%
Quel pays a 11 fuseaux horaires dans tout son territoire ? Russie
79%
Quel pays compte plus de 800 000 lacs ? Ce qui le rend le pays ayant le plus de lacs Canada
72%
Quel pays contient l'île la plus grande du monde avec 2,3 millions de km² Danemark
60%
Quel pays se trouve entièrement au-dessus de la latitude 60°N ? Islande
60%
Quel pays européen est composé de 4 nations constitutives ? Royaume-Uni
51%
Quel pays n'a que 2 hab/km² ? Le rendant alors le pays le moins densément peuplé du monde Mongolie
43%
Quel pays de l'Asie centrale a un score de 1,66 sur l'indice de démocratie ? Soit le plus bas de cette région Turkménistan
23%
Quel pays contient 13 lettres dans son nom (nom pas composé) Liechtenstein
17%
Quel pays a l'altitude minimale au-dessus de 1 400 mètres Lesotho
11%
Quel pays est le plus diversifié linguistiquement au monde ? Avec plus de 800 langues Papouasie-Nouvelle-Guinée
11%
Aucun quiz correspondant
Distribution des résultats
% des personnes avec chaque résultat
Percentile par nombre de réponses
Votre historique - résultats
Vous n’avez pas pris ce quiz